| 000 | 00361nam a2200145Ia 4500 | ||
|---|---|---|---|
| 008 | 230917s9999||||xx |||||||||||||| ||und|| | ||
| 040 |
_e215600 _aMAIN |
||
| 041 | _aEnglish | ||
| 082 | _a370.15 S83S | ||
| 100 | _aSatnam Singh | ||
| 245 | 0 | _aShiksha ke darshink priprekshya | |
| 260 |
_aNew Delhi _bArjun Publishiing _c2013 |
||
| 300 | _a324 p. | ||
| 942 | _cBK | ||
| 999 |
_c179680 _d179680 |
||